[Event "Mecklenburg VP LL2 Ost 2223"]
[Site "Mecklenburg VP"]
[Date "2023.03.19"]
[Round "7.7"]
[White "Pitz, Marko"]
[Black "Jeske, Holger"]
[Result "0-1"]
[WhiteElo "1663"]
[BlackElo "1867"]
[PlyCount "62"]
[EventDate "2022.10.23"]
[EventType "team-tourn"]
[EventRounds "9"]
[EventCountry "GER"]
[SourceTitle "EXT 2024"]
[Source "ChessBase"]
[SourceDate "2023.10.10"]
[SourceVersion "1"]
[SourceVersionDate "2023.10.10"]
[SourceQuality "1"]
[WhiteTeam "Greifswald II"]
[BlackTeam "Graal Mueritz"]
[WhiteTeamCountry "GER"]
[BlackTeamCountry "GER"]

1. d4 e6 2. e4 d5 3. Nc3 f5 4. e5 a6 5. Be3 Be7 6. Be2 b6 7. Bh5+ g6 8. Be2 c5 9. Nf3 Nc6 10. 0-0 g5 11. h3 Nh6 12. h4 f4 13. hxg5 fxe3 14. gxh6 exf2+ 15. Rxf2 0-0 16. g4 cxd4 17. Rg2 dxc3 18. bxc3 Bg5 19. Bd3 b5 20. Bxh7+ Kxh7 21. Qd3+ Kh8 22. Rh2 Qb6+ 23. Kg2 Qe3 24. Qxe3 Bxe3 25. g5 Kh7 26. Rah1 Ne7 27. Rh3 Ng6 28. Kf1 Nxe5 29. Ke2 Rxf3 30. Rxf3 Nxf3 31. Kxf3 Bxg5 0-1

[Event "Mecklenburg VP LL2 Ost 2223"]
[Site "Mecklenburg VP"]
[Date "2022.10.23"]
[Round "1.8"]
[White "Wagner, Tino"]
[Black "Jeske, Holger"]
[Result "0-1"]
[WhiteElo "1467"]
[BlackElo "1867"]
[PlyCount "76"]
[EventDate "2022.10.23"]
[EventType "team-tourn"]
[EventRounds "9"]
[EventCountry "GER"]
[SourceTitle "EXT 2024"]
[Source "ChessBase"]
[SourceDate "2023.10.10"]
[SourceVersion "1"]
[SourceVersionDate "2023.10.10"]
[SourceQuality "1"]
[WhiteTeam "Gryps SV"]
[BlackTeam "Graal Mueritz"]
[WhiteTeamCountry "GER"]
[BlackTeamCountry "GER"]

1. e4 e6 2. d4 d5 3. Nd2 f5 4. exd5 exd5 5. Ngf3 Nf6 6. Be2 Bd6 7. Nf1 0-0 8. Ng3 f4 9. Nf1 h6 10. h3 Re8 11. N1h2 Bf5 12. 0-0 Nbd7 13. c3 Nf8 14. Re1 g5 15. b3 Qd7 16. Bb2 Qh7 17. c4 c6 18. c5 Bc7 19. Ne5 Ne4 20. Nhg4 Re6 21. Bf3 Rae8 22. b4 h5 23. Nh2 Rh6 24. Bxe4 dxe4 25. f3 e3 26. Qc1 Be6 27. Re2 Bxe5 28. dxe5 g4 29. h4 Ng6 30. g3 fxg3 31. Qxe3 gxh2+ 32. Rxh2 Ne7 33. f4 Nd5 34. Qf2 Rf8 35. Bc1 Qe4 36. f5 Rxf5 37. Qxf5 Bxf5 38. Bxh6 Qd4+ 0-1

[Event "Oberliga Nord O 1920"]
[Site "Germany"]
[Date "2020.01.19"]
[Round "5.6"]
[White "Riedel, Hartmut"]
[Black "Jeske, Holger"]
[Result "1-0"]
[WhiteElo "1888"]
[BlackElo "1881"]
[PlyCount "79"]
[EventDate "2019.09.29"]
[EventType "team-tourn"]
[EventRounds "9"]
[EventCountry "GER"]
[SourceTitle "CBM 195 Extra"]
[Source "ChessBase"]
[SourceDate "2020.05.31"]
[SourceVersion "1"]
[SourceVersionDate "2020.05.31"]
[SourceQuality "1"]

1. d4 d5 2. c4 Nf6 3. cxd5 Nxd5 4. e4 Nb6 5. Nc3 g6 6. Be3 Bg7 7. Qd2 e5 8. Nf3 exd4 9. Bxd4 0-0 10. 0-0-0 c6 11. Qe3 Bxd4 12. Nxd4 Qe7 13. h4 Bg4 14. f3 Be6 15. h5 g5 16. e5 Nd5 17. Nxd5 cxd5 18. h6 Kh8 19. g4 Nc6 20. Kb1 Nxd4 21. Qxd4 b6 22. Ba6 Rad8 23. Rhe1 Qc5 24. Qd2 Rg8 25. Rc1 Qe7 26. Qd4 Rg6 27. Rh1 Qf8 28. Qd2 Qe7 29. Bd3 Rgg8 30. Qc2 Rc8 31. Qa4 Rc7 32. Rxc7 Qxc7 33. Re1 Bd7 34. Qc2 Qxc2+ 35. Kxc2 Rc8+ 36. Kd2 Kg8 37. Ke3 f6 38. Kd4 Kf7 39. Re2 Be6 40. Rc2 1-0

[Event "Oberliga Nord O 1920"]
[Site "Germany"]
[Date "2019.11.24"]
[Round "3.7"]
[White "Jeske, Holger"]
[Black "Mueller, Michael1"]
[Result "0-1"]
[WhiteElo "1881"]
[BlackElo "2236"]
[PlyCount "48"]
[EventDate "2019.09.29"]
[EventType "team-tourn"]
[EventRounds "9"]
[EventCountry "GER"]
[SourceTitle "CBM 195 Extra"]
[Source "ChessBase"]
[SourceDate "2020.05.31"]
[SourceVersion "1"]
[SourceVersionDate "2020.05.31"]
[SourceQuality "1"]

1. e4 e6 2. d4 d5 3. e5 c5 4. c3 Nc6 5. Nf3 Qb6 6. Bd3 cxd4 7. cxd4 Bd7 8. Bc2 Nb4 9. 0-0 Nxc2 10. Qxc2 Ne7 11. Nc3 Ng6 12. a3 Be7 13. g3 0-0 14. h4 f6 15. h5 fxe5 16. hxg6 Rxf3 17. Kg2 Raf8 18. dxe5 d4 19. Ne4 d3 20. Qc4 Bb5 21. Qa2 Qc6 22. Kg1 Bc4 23. b3 Qxe4 24. bxc4 Bc5 0-1

[Event "Oberliga Nord O 1920"]
[Site "Germany"]
[Date "2019.10.20"]
[Round "2.6"]
[White "Jeske, Holger"]
[Black "Meissner, Hans Juergen"]
[Result "1/2-1/2"]
[WhiteElo "1881"]
[BlackElo "2222"]
[PlyCount "81"]
[EventDate "2019.09.29"]
[EventType "team-tourn"]
[EventRounds "9"]
[EventCountry "GER"]
[SourceTitle "CBM 195 Extra"]
[Source "ChessBase"]
[SourceDate "2020.05.31"]
[SourceVersion "1"]
[SourceVersionDate "2020.05.31"]
[SourceQuality "1"]

1. Nf3 Nf6 2. c4 g6 3. Nc3 Bg7 4. d4 0-0 5. e4 d6 6. Be2 Na6 7. 0-0 e5 8. dxe5 dxe5 9. Qxd8 Rxd8 10. Bg5 Re8 11. Rad1 Bg4 12. Rd2 Nc5 13. Bxf6 Bxf6 14. b4 Ne6 15. Ne1 Bxe2 16. Nxe2 a5 17. b5 Red8 18. Rc2 Be7 19. Nf3 f6 20. Nc3 c6 21. Na4 Nc5 22. Nxc5 Bxc5 23. Rb1 Rd7 24. Kf1 Rad8 25. Ke2 Kf7 26. bxc6 bxc6 27. Rd2 Ke6 28. Rxd7 Rxd7 29. Rb2 Bb4 30. Rb1 f5 31. exf5+ gxf5 32. Rd1 Rxd1 33. Kxd1 Be7 34. Ng1 e4 35. Ne2 Bc5 36. f3 exf3 37. gxf3 Ke5 38. Kc2 Bb4 39. Kd3 Bc5 40. Kc2 Bb4 41. Kd3 1/2-1/2

[Event "Mecklenburg VP VL 1718"]
[Site "Mecklenburg VP"]
[Date "2018.01.21"]
[Round "5.5"]
[White "Lehmann, Ruben"]
[Black "Jeske, Holger"]
[Result "1-0"]
[WhiteElo "1929"]
[BlackElo "1832"]
[PlyCount "119"]
[EventDate "2017.10.08"]
[EventType "team-tourn"]
[EventRounds "9"]
[EventCountry "GER"]
[SourceTitle "EXT 2022"]
[Source "ChessBase"]
[SourceDate "2021.10.06"]
[SourceVersion "1"]
[SourceVersionDate "2021.10.06"]
[SourceQuality "1"]
[WhiteTeam "Torgelow Droegeheide"]
[BlackTeam "Rostock SSC 07"]
[WhiteTeamCountry "GER"]
[BlackTeamCountry "GER"]

1. d4 d5 2. c4 e6 3. Nc3 f5 4. g3 Nf6 5. Bg2 c6 6. Nh3 Bb4 7. Qb3 a5 8. 0-0 0-0 9. c5 b6 10. Na4 bxc5 11. dxc5 Na6 12. Qc2 Qe7 13. Be3 e5 14. Rac1 Ne4 15. f3 d4 16. fxe4 dxe3 17. Nb6 Ra7 18. Nxc8 Rxc8 19. Rxf5 Rf8 20. Qb3+ Kh8 21. Rxf8+ Qxf8 22. Rf1 Qe7 23. a3 Bxc5 24. Qc4 h6 25. Rf5 g6 26. Rf1 Qd6 27. Rf7 Nc7 28. Bf1 Ra8 29. Rxc7 Qxc7 30. Qxc5 Kg7 31. Qxe3 Rb8 32. Qc3 Qb6+ 33. Nf2 Qxb2 34. Qxc6 Rb7 35. Nd3 Qd4+ 36. Kg2 Rf7 37. Qd5 Qxd5 38. exd5 e4 39. Nf4 Kf6 40. e3 g5 41. Ne6 Ke5 42. Nd4 Kxd5 43. a4 Kc5 44. Bb5 Rf6 45. Nb3+ Kb4 46. Nd2 Re6 47. Kf2 h5 48. Ke2 g4 49. Bd7 Re5 50. Bc6 Rc5 51. Bb5 Rc2 52. Kd1 Ra2 53. Nxe4 Rxh2 54. Nf6 Kc5 55. Ke1 Kd6 56. Ne4+ Ke5 57. Nd2 Rh1+ 58. Nf1 h4 59. Bc6 Rh3 60. Bg2 1-0

[Event "Rostock SSC op 16th"]
[Site "Rostock"]
[Date "2017.07.27"]
[Round "3"]
[White "Jeske, Holger"]
[Black "Lamaze, Simon"]
[Result "1/2-1/2"]
[WhiteElo "1949"]
[BlackElo "1744"]
[PlyCount "89"]
[EventDate "2017.07.26"]
[EventType "swiss"]
[EventRounds "7"]
[EventCountry "GER"]
[SourceTitle "EXT 2018"]
[Source "ChessBase"]
[SourceDate "2017.10.13"]
[SourceVersion "1"]
[SourceVersionDate "2017.10.13"]
[SourceQuality "1"]

1. e4 e5 2. c3 Nf6 3. d4 Nxe4 4. Qe2 d5 5. f3 Nf6 6. dxe5 Nfd7 7. Be3 Nc6 8. f4 Nb6 9. Bf2 Be7 10. Nf3 h5 11. Qc2 h4 12. h3 g6 13. Bd3 Rh5 14. Bxg6 Rh8 15. Bf5 Bxf5 16. Qxf5 Qd7 17. Qxd7+ Kxd7 18. 0-0 Rag8 19. Rd1 Ke6 20. b4 Nc4 21. b5 N6a5 22. Nd4+ Kd7 23. Nf5 Bd8 24. Nd2 Nb2 25. Rf1 Nd3 26. Bd4 Rh5 27. Ne3 c5 28. bxc6+ bxc6 29. Bxa7 f6 30. e6+ Kxe6 31. f5+ Kf7 32. c4 Nxc4 33. Ndxc4 dxc4 34. Nxc4 Bc7 35. Rad1 Rhg5 36. Ne3 Ne5 37. Bd4 Nc4 38. Ng4 Ra8 39. Bc5 Ne5 40. Nxe5+ Bxe5 41. Rd7+ Kg8 42. a3 Ra5 43. Rd8+ Kh7 44. Be3 Rg7 45. Bf4 1/2-1/2

[Event "GER Seniors Derby 15th"]
[Site "Wesel Undeloh"]
[Date "2016.04.07"]
[Round "4"]
[White "Jeske, Holger"]
[Black "Mueggenburg, Rolf"]
[Result "1/2-1/2"]
[WhiteElo "1905"]
[BlackElo "1775"]
[PlyCount "30"]
[EventDate "2016.04.06"]
[EventType "swiss"]
[EventRounds "9"]
[EventCountry "GER"]
[SourceTitle "EXT 2019"]
[Source "ChessBase"]
[SourceDate "2018.10.10"]
[SourceVersion "1"]
[SourceVersionDate "2018.10.10"]
[SourceQuality "1"]

1. e4 d6 2. d4 g6 3. Be3 Bg7 4. c3 Nf6 5. f3 0-0 6. Qd2 a6 7. a4 b6 8. Bd3 Bb7 9. g4 Nbd7 10. Ne2 e5 11. Ng3 d5 12. h3 c5 13. dxc5 Nxc5 14. Bxc5 bxc5 15. 0-0 c4 1/2-1/2

[Event "Rostock SSC op 14th"]
[Site "Rostock"]
[Date "2015.07.29"]
[Round "2.6"]
[White "Ackermann, Hans Werner"]
[Black "Jeske, Holger"]
[Result "1-0"]
[WhiteElo "2297"]
[BlackElo "1912"]
[PlyCount "81"]
[EventDate "2015.07.29"]
[EventType "swiss"]
[EventRounds "7"]
[EventCountry "GER"]
[SourceTitle "EXT 2019"]
[Source "ChessBase"]
[SourceDate "2018.10.10"]
[SourceVersion "1"]
[SourceVersionDate "2018.10.10"]
[SourceQuality "1"]

1. Nf3 c5 2. b3 d6 3. Bb2 e5 4. g3 Nc6 5. d3 f5 6. c4 Nf6 7. Nc3 g6 8. Bg2 Bg7 9. h4 h5 10. Ng5 Rb8 11. e3 Ne7 12. d4 cxd4 13. exd4 e4 14. 0-0 d5 15. Ne2 Nh7 16. Bc1 0-0 17. Nh3 b5 18. Bf4 Rb7 19. c5 Nc6 20. Qd2 Re8 21. b4 a5 22. a3 Nf8 23. Bg5 Qc7 24. Be3 Ne6 25. Nhf4 Nxf4 26. Nxf4 Qf7 27. bxa5 Ra7 28. Rfb1 Nxa5 29. Rxb5 Nc4 30. Qc1 Bd7 31. Rb3 Ba4 32. Rb4 Bc6 33. Bf1 Nxe3 34. fxe3 Bh6 35. Rb6 Bxf4 36. gxf4 Rc8 37. Qe1 Rb7 38. a4 Rxb6 39. cxb6 Qd7 40. a5 Bb5 41. a6 1-0

[Event "Rostock SSC op 14th"]
[Site "Rostock"]
[Date "2015.07.29"]
[Round "1.25"]
[White "Jeske, Holger"]
[Black "Vural, Argun"]
[Result "1-0"]
[WhiteElo "1912"]
[BlackElo "1517"]
[PlyCount "41"]
[EventDate "2015.07.29"]
[EventType "swiss"]
[EventRounds "7"]
[EventCountry "GER"]
[SourceTitle "EXT 2019"]
[Source "ChessBase"]
[SourceDate "2018.10.10"]
[SourceVersion "1"]
[SourceVersionDate "2018.10.10"]
[SourceQuality "1"]

1. e4 Nc6 2. f4 e5 3. Bc4 Bc5 4. Nf3 d6 5. c3 Bg4 6. h3 Bxf3 7. Qxf3 Qh4+ 8. g3 Qf6 9. a4 exf4 10. gxf4 Ne5 11. Qf1 Nxc4 12. Qxc4 Qh4+ 13. Kd1 Nf6 14. d4 Ng4 15. Kc2 Qf2+ 16. Kb3 Qf3 17. Qf1 Qxe4 18. hxg4 Qd5+ 19. Kc2 Qe4+ 20. Kd1 0-0-0 21. Nd2 1-0